MDQL
is popping MORE tags! Check the
thread
!
Quizzes
Events
Quiz Creation
Community
Videos
Private Events
Remove Ads
Sign In
Join for FREE
Feedback
Dark Mode
Quiz Categories
Sports
Geography
Music
Movies
Television
Just For Fun
Miscellaneous
History
Literature
Language
Science
Gaming
Entertainment
Religion
Holiday
For Kids
Quiz Lab
Recent
Popular Today
Quiz Kudos Today
Editor Picks
Curator Picks
Quizzes by...
Day
Popularity
Type
Ratings
Length
Year
Community
Subscriptions
Recent Discussions
Orange Saloon
Badges
Playlists
Quests
Create
Leaderboards
Showdown
Live 5
Trivia Bingo
Activity
Puzzle Library
Sporcle Events
Private Events
Virtual Trivia
Globe League
Become a Host
Pub Owners
SporcleCon
Opinionation
Our Games
Videos
Blog
Mobile Apps
Partnerships
Remove Ads and Go Orange
Feedback
Geography
Country
Landmarks
City
State
Population
World
Capital
Continent
Flags
Europe
Africa
Asia
South America
North America
Oceania
Border
Canada
United Kingdom
Topography
United States
Geography
Country
Landmarks
City
State
Population
World
Capital
Continent
Flags
Europe
Africa
Asia
South America
North America
Oceania
Border
Canada
United Kingdom
Topography
United States
Random Quiz
Search Sporcle
×
Quiz Lab
Quiz Lab
Geography
paradise
Type in answers that appear in a list
Type in answers that appear in a list
Classic
Best Score? Go Orange.
Anguilla Stats
Can you name the Anguilla?
By
MJCash
3m
15 Questions
97 Plays
97 Plays
97 Plays
Comments
Comments
Give Quiz Kudos
Give Quiz Kudos
-
- Ratings
hide this ad
Replay
Link that replays current quiz
Next Quiz
Link to next quiz in quiz playlist
You Got
0%
They Got
Avg Score
34%
Avg Friend Score
Upgrade to see
Score Distribution
Jump to the score distribution portion of the page
Score
0/15
Timer
03:00
0
Plays Today
?
answer
% Correct
Overseas territory of the...
United Kingdom
86.6%
Cars drive on the...
left
79.4%
A well-
loved sport, introduced by the British
cricket
69.1%
Is part of the _
_
_
_
_
_
_
Islands
Leeward
51.5%
Capital
The Valley
50.5%
Accepted currency
US dollar
44.3%
Closest neighbour
Saint Martin
32%
Accepted currency
East Caribbean dollar
20.6%
?
answer
% Correct
_
_
_
_
_
_
Pear Cays
Prickly
18.6%
National sport
boat racing
16.5%
Has an annual _
_
_
music festival
jazz
15.5%
Flag features what animal?
eel
10.3%
1995: devastated by...
Hurricane Luis
7.2%
Motto
Strength and Endurance
7.2%
Island is mourning this Hollywood legend
Tony Curtis
6.2%
Quiz Playlist
Details
Report
Send in Message
Add To Playlist
Classic:
Type in answers that appear in a list
Last Updated: Feb 16, 2017
Quiz Scoreboard
CHALLENGE
Sign Up to Join the Scoreboard
Show All
Scores
Hide
Comments
May contain spoilers
Recently Published
Street Fighter Characters
by Artimus82
Gaming
60s
9x9 Crossword: Cartoon Network
by jackfrog10
Miscellaneous
3m
College Basketball Coaching Resumes
by pancakes188
Sports
9m
More to Explore
Quiz From the Vault
Featured Blog Post
Where Did the Easter Bunny Come From?
hide this ad
You Might Also Like...
Tags
caribbean
Jamaica
paradise
sea
Today's Top Quizzes in Geography
Browse Geography
hide this ad
Today's Top Quizzes in paradise
Browse paradise
Top Contributed Quizzes in Geography
1
Countries of the World - No Outlines Minefield
2
Top 25 Cities of France on a map
3
Any capital of a 'B' country per Continent
4
Any capital of a 'C' country per Continent
5
Closest Countries to UK A-Z
6
Any capital of a 'D' country per Continent
7
5-to-1: US Geography No Hints
8
Any capital of an 'E' country per Continent
9
Find the US States - No Outlines
10
Any capital of an 'F' country per Continent
Explore More
Trending Topics
NBA
Harry Potter
Crossword
Anime
Kpop
Marvel
Disney
WWE
Soccer
NFL
Pokémon
Puzzle
Country
The Office
Song
hide this ad
More By:
MJCash
Quiz
Plays
Rating
Category
Featured
Created
Peter O'Toole Films
4,942
3.81
Movies
Dec 2, 2010
Arthur Miller's The Crucible
1,522
4.33
Literature
Oct 18, 2010
Kent - The Garden of England
628
1.75
Geography
Oct 22, 2010
County Mayo - An Irish Treasure
289
5.00
Geography
Nov 24, 2010
Famous people - surnames starting with 'C'
259
3.10
Miscellaneous
Dec 6, 2010
Go to Creator's Profile
Score Distribution
Quiz Creator Spotlight
MJCash
Follow
Send a Message
Quizzes Created
-
Created Quiz Play Count
-
More By This Creator
Popular Quizzes Today
1
Find the US States - No Outlines Minefield
2
Find the Countries of Europe - No Outlines Minefield
3
The Countries of the World
4
Find the US States
5
Risky Map Clicking: Biggest States A-Z
6
US States
7
Popular People in 1961
8
Movies - When Are They Set?
More Geography Quizzes
States Where Two Biggest Cities Begin With Same Letter
Quiz Lab
Trending Quizzes
Risky Map Clicking: Least Populous States A-Z
1-10 Letter G Words
Risky Map Clicking: Next State Alphabetically
Adjectives in 80s TV Shows
The Seven Year Switch: Catherine
Recently Updated
Leaping Animals
pecheneg
Reality TV Shows (A-Z)
bhenderson79
Rickey Henderson's Hall of Fame Teammates
pecheneg
Champions League XIs: Arsenal
pecheneg
Quick Pick: Celebrities in WWE's Hall of Fame
aduchscher
A-Z Keypad Blitz II
pecheneg
Multiple Oscar Actors
pecheneg
Mystery Phrase Blitz: Oscar 'Best Actors'
pecheneg
F. Scott Fitzgerald Novels
LTH
Pick 3 Villains
ddd62291
Trending Topics
Kpop
Disney
Marvel
NBA
Harry Potter
Crossword
Anime
WWE
Pokémon
Song
Soccer
The Office
Puzzle
NFL
Country
Your Account Isn't Verified!
In order to create a playlist on Sporcle, you need to verify the email address you used during registration. Go to your
Sporcle Settings
to finish the process.
Report this User
Report this user for behavior that violates our
Community Guidelines
.
Details:
Send Report
Go to the Sporcle.com Mobile Site →
Comments